Państwa z rz/ż w Nazwie - Statystyki

Ogólne statystyki
  • Ten quiz został rozwiązany 87 razy
  • Średni wynik to 5 z 9
Statystyki odpowiedzi
Litera Kraj % Poprawnych
Ż Azerbejdżan
70%
Ż Dżibuti
64%
Ż Tadżykistan
64%
Ż Fidżi
63%
Rz Wybrzeże Kości Słoniowej
63%
Ż Wybrzeże Kości Słoniowej
63%
Ż Kambodża
48%
Rz Republika Zielonego Przylądka
37%
Ż Wyspy Świętego Tomasza i Książęca
37%
Nie znaleziono quizów pasujących do podanych kryteriów
Rozkład punktacji
Procent ludzi z każdym wynikiem
Percentyl według liczby udzielonych odpowiedzi
Twoja historia wyników
Nie rozwiązałeś tego quizu